Biggest Cities in the Gunpowder Empires with a Map - Statistics

General Stats
  • This quiz has been taken 589 times
  • The average score is 34 of 80
Answers on the Map
Answers color-coded by a green-red scale on the quiz's map according to % correct below.
 
Answer Stats
Population City % Correct
175k Cairo
97%
700k Constantinople
97%
30k Tehran
93%
70k Tunis
93%
50k Baghdad
91%
85k Algiers
90%
60k Delhi
90%
70k Damascus
88%
45k Ankara
87%
50k Bucharest
86%
135k Smyrna
86%
50k Mecca
85%
40k Salonica
84%
40k Belgrade
83%
30k Sofia
83%
65k Aleppo
82%
30k Sarajevo
81%
37k Medina
79%
100k Adrianople
75%
150k Dhaka
75%
350k Isfahan
75%
50k Skopje
72%
80k Basra
71%
25k Mosul
70%
380k Ahmedabad
69%
45k Hyderabad
67%
55k Lahore
67%
60k Bursa
65%
25k Kabul
65%
75k Tabriz
64%
70k Agra
62%
35k Mashhad
54%
27k Plovdiv
53%
30k Constantine
51%
37k Qom
51%
25k Pune
49%
50k* Surat
49%
170k Patna
42%
25k Damietta
39%
75k Varanasi
38%
36k Feodosia
35%
30k Kayseri
35%
30k Hama
34%
35k Diyarbakır
33%
125k Srinagar
29%
45k Kerman
27%
40k Târgoviște
23%
30k Ardabil
22%
50k Jodhpur
22%
25k Multan
21%
60k Qazvin
19%
26k Ruse
19%
30k Izmail
18%
200k Aurangabad
17%
30k Balkh
16%
27k Serres
15%
55k Udaipur
13%
35k Gwalior
12%
340k Bijapur
11%
35k Cuttack
11%
45k Thatta
11%
25k Bakhchysarai
9%
60k Ujjain
9%
30k Bihar Sharif
7%
25k Bikaner
7%
35k Shamakhi
7%
25k Bidar
6%
25k Dhar
6%
33k Puri
6%
35k Golconda
5%
35k Khambhat
5%
30k Machilipatnam
5%
100k Rajmahal
4%
55k Amber
3%
42k Ayodhya
3%
25k Bulaq
3%
60k* Hugli
3%
30k Mandu
3%
50k* Cossimbazar
2%
35k Munger
2%
No matching quizzes found
Score Distribution
Percent of People with Each Score
Percentile by Number Answered
Your Score History
You have not taken this quiz